00684nam a2200193 4500999001900000005001700019010001300036020002600049035001300075037000900088082000600097100001600103245006500119260003500184270007100219300002600290942002000316952015400336 c180545d18054520210811122429.0 aB-741198 a9789384930646c495.00 aB-741198 bGift aS aSyal,Gautam aWorld famous die hard stories for children /cby Gautam Syal aDelhibEducation Galleryc2020 a26/25, Block-26,Gali no-12, Vishwas Nagar Shahadra,bDelhie110032 a144p.:billc23cm(Hb) 2ddccCHhSmSYA 001040708FICaLbLd2021-08-11eGift/Eng/9.8.2021g495.00l1m2oS SYApB-741198r2022-09-12 00:00:00s2022-08-12t1v495.00w2021-08-11yCHzGift